000 00588nam a2200241 a 4500
001 nice12345678
003 IN_TiNIC
005 20260116013419.0
008 050524s1999 kara grp 000 0 eng
020 _a
_c200
082 0 0 _a305.480297
_bJUM
100 _aJuma, Ahmad Khaleel
245 _aDar-E-Taabaeen Ki Namwar Khawateen
260 _aKarachi
_bDarul Ishaat
_c1999
300 _a383p
500 _aincludes index and biblioraphy
505 2 _aNotes
650 _aPhilosophy-Islamic
650 _aWomen in Islam
902 _bSRS
942 _cBK
999 _c10893
_d10893